000 00429cam a2200169ua 4500
020 _c7.50
041 _amal
_h
082 _a894.812308
_bDOS/ID
100 _aDostoyevsky, Fyodor .
245 _aIdiot /
_cFyodor Dostoyevsky.
_hTextual Documents
260 _aKottayam :
_bSahitya Pravarthaka Co-operative Society ,
_c1966.
300 _a556 ; .
365 _a7.50
504 _a
942 _cBK
999 _c5198
_d5198